000 00456nam a2200193Ia 4500
005 20250423094648.0
008 250422s9999 xx 000 0 und d
020 _a978-0-13-500933-8
050 _aHD 30 .27 .H37/
100 _aJohn E.Hanke
245 0 _aBusiness Forecasting
250 _a9th ed.
260 _aNew Jersey
260 _bPearson International Edition
260 _c2009
300 _a551 p
650 _aBusiness
942 _cBK
999 _c27915
_d27915